000
00272nam a2200121Ia 4500
008
190216s9999||||xx |||||||||||||| ||und||
100
_a
John H Elliott
245
0
_a
Botany
260
_b
The English Language Books
_c
1967
300
_a
214p
650
_a
Botany
942
_c
BK
999
_c
1072
_d
1072